000 03290 a2200313 4500
003 OSt
005 20240905144405.0
007 cr ||||||a|c|a
008 230303s2022 mx a|||fom||| 001 0 spa d
040 _cCHAP
100 1 _9126835
_aLópez López, Gamaliel
245 1 3 _aLa agricultura urbana, propuesta de inversión para el segmento de adultos mayores aplicado en una comunidad para el retiro /
_cpor Gamaliel López López ; director de tesis Romel Olivares Gutiérrez.
264 1 _aChapingo, México :
_bEl autor.
_c2022.
300 _a1 recurso en línea (89 páginas):
_bfiguras, cuadros.
336 _2rdacontent
_atexto
_btxt
337 _2rdamedia
_acomputadora
_bc
338 _2rdacarrier
_arecurso en línea
_bcr
502 _bMEA
_cCIESTAAM
_d2022.
_gMAE
504 _aIncluye literatura citada : 60-63.
520 _aDe los 17 problemas más importantes de la humanidad, algunos son referidos a la dinámica de la población urbana: contaminación ambiental, aumento de la población, aglomeración urbana y aumento de la población de adultos mayores. Ante este escenario, la agricultura urbana, definida como; la producción y/o transformación agrícola o pecuario en el entorno citadino, representa una fuente de beneficios ecológicos, económicos y recreativos para sus residentes. El objetivo de esta investigación fue analizar a las empresas del ramo de la agricultura urbana con la finalidad de buscar alternativas ante la incertidumbre e inestabilidad que presentan. Como primera instancia, se analizaron a las empresas de agricultura urbana aplicando las herramientas; perspectiva histórica, red de valor, encuesta de línea base y la evaluación de proyectos productivos. Se efectuaron entrevistas a un estimado del 10% de las empresas dedicadas a la agricultura urbana, identificando que coinciden en servicios y productos, participan de los mismos clientes y se acercan a un mercado de océano rojo. Ante la problemática mundial existente, se requiere de visión y certidumbre aplicado a mediano y largo plazo. De las alternativas posibles, se eligió al sector de los adultos mayores; identificando 819 empresas que ofertan servicios a este segmento; al no incluir las áreas verdes en su catálogo de servicios, se oferta la incorporación de la agricultura urbana como medio de pertenencia del adulto mayor. A través de una simulación financiera, se determinó el mínimo de empresas que se requieren para que el proyecto resulte autosustentable, considerando un universo de 819 posibles clientes. Los resultados indican que el proyecto es factible y rentable para la empresa CITYGREEN, asimismo, coadyuva a mejorar la posición relativa que existe entre la competencia de los asilos y contribuye a enfrentar algunos de los problemas planteados al inicio.
650 4 _9134898
_aAgricultura urbana
_xAspectos sociales
650 4 _9187474
_aPersonas adultas mayores
_xEmpleo
650 4 _9187475
_aPersonas adultas mayores
_xCondiciones sociales
650 4 _935179
_aEcología humana
650 4 _995384
_aRedes de valor
700 1 _aOlivares Gutiérrez, Romel
_eDirector de tesis.
_983045
856 _uhttp://10.13.5.2/tesis/tm/1813060-5_LOPEZ_LOPEZ_GAMALIEL.pdf
_zDESCARGAR PDF
942 _cTD
_2Clasificación Universidad Autónoma Chapingo
999 _c218495
_d218495